000 00508nam a2200169 i 4500
001 121156
003 ES-MaACL
005 20230906191711.0
007 t|
008 070214s1914 po r ||||1| por d
100 1 _aPrestage, Edgar.
_993792
245 1 0 _aD. Francisco Manuel de Melo
_b: esboço biographico /
_cEdgar Prestage.
260 _aCoimbra :
_b[s. n.],
_c1914.
300 _aXXXV, 614 p. ;
_c24 x 16 cm.
600 1 4 _aMelo, Francisco Manuel de (
_d1608-1666)
_980014
852 _aES-MaACL
_jF-4224
999 _c121156
_d121156